[Event "III Festival A"]
[Site "Forni di Sopra ITA"]
[Date "2012.06.18"]
[Round "3"]
[White "Vesce, Emanuele"]
[Black "Semeria, Marco"]
[Result "1/2-1/2"]
[WhiteElo "1849"]
[BlackElo "2042"]
[PlyCount "53"]
[EventDate "2012.06.16"]

1. e4 d5 2. exd5 Nf6 3. Nf3 Nxd5 4. d4 Bg4 5. Be2 e6 6. O-O c6 7. c4 Nb6 8. b3
Be7 9. Bb2 O-O 10. Nbd2 N8d7 11. Ne4 Nf6 12. Ng3 Qc7 13. h3 Bxf3 14. Bxf3 Rad8
15. Qe2 Rfe8 16. Rad1 Nbd7 17. Rd3 Nf8 18. Ne4 Ng6 19. g3 Nxe4 20. Bxe4 Bf6 21.
h4 Qb6 22. h5 Ne7 23. h6 gxh6 24. Kg2 Bg7 25. Rh1 f5 26. Bf3 Ng6 27. Re3
1/2-1/2

[Event "III Festival A"]
[Site "Forni di Sopra ITA"]
[Date "2012.06.18"]
[Round "4"]
[White "Dvirnyy, Danyyil"]
[Black "Saravanan, Venkatachalam"]
[WhiteElo "2515"]
[BlackElo "2401"]
[Result "1/2-1/2"]
[PlyCount "56"]
[EventDate "2012.06.16"]

1. e4 e5 2. Nf3 Nc6 3. Bb5 a6 4. Ba4 Nf6 5. O-O Bc5 6. c3 b5 7. Bc2 d5 8. d4
dxe4 9. dxc5 Qxd1 10. Bxd1 exf3 11. Bxf3 Bb7 12. b4 e4 13. Be2 O-O 14. a4 bxa4
15. Rxa4 Nd5 16. Rd1 Rfd8 17. f3 exf3 18. gxf3 Ne5 19. Kf2 Ng6 20. Rd4 Re8 21.
c4 Nf6 22. Nc3 Re5 23. Ra5 Rae8 24. h4 Ne7 25. b5 axb5 26. cxb5 Rxc5 27. Rc4
Rxc4 28. Bxc4 Ra8 1/2-1/2

[Event "III Festival A"]
[Site "Forni di Sopra ITA"]
[Date "2012.06.18"]
[Round "4"]
[White "Lalith, Babu M.R."]
[Black "Medancic, Rikard"]
[WhiteElo "2529"]
[BlackElo "2249"]
[Result "1-0"]
[PlyCount "55"]
[EventDate "2012.06.16"]

1. Nf3 b5 2. e4 Bb7 3. Bxb5 Bxe4 4. O-O Nf6 5. d4 e6 6. c4 Be7 7. Nc3 Bb7 8.
Re1 O-O 9. Ba4 d5 10. c5 Bc6 11. Bc2 a5 12. Ne5 Bb7 13. Ba4 c6 14. Bf4 Qc8 15.
Bc2 Nbd7 16. Na4 Ba6 17. Bg5 Re8 18. Bxf6 Bxf6 19. Bxh7+ Kf8 20. Nxd7+ Qxd7 21.
Nb6 Qb7 22. Nxa8 Rxa8 23. Bd3 Bxd3 24. Qxd3 Qxb2 25. Red1 g6 26. a3 Qb5 27.
Rab1 Qa4 28. Qb3 1-0

[Event "III Festival A"]
[Site "Forni di Sopra ITA"]
[Date "2012.06.18"]
[Round "4"]
[White "Narciso Dublan, Marc"]
[Black "Sundararajan, Kidambi"]
[WhiteElo "2541"]
[BlackElo "2447"]
[Result "1/2-1/2"]
[PlyCount "53"]
[EventDate "2012.06.16"]

1. d4 d5 2. c4 c6 3. Nf3 Nf6 4. e3 g6 5. Be2 Bg7 6. O-O O-O 7. Nc3 e6 8. Qc2
Nbd7 9. Rd1 b6 10. e4 dxe4 11. Nxe4 Qc7 12. Nxf6+ Nxf6 13. c5 Nd5 14. Bd2 bxc5
15. Qxc5 Qb6 16. Qa3 a5 17. Rac1 Ba6 18. Bxa6 Rxa6 19. Rc4 Rd8 20. b3 Nb4 21.
Rdc1 Bf8 22. Qa4 Qb5 23. a3 Qxa4 24. bxa4 Nd5 25. Rxc6 Rxc6 26. Rxc6 Bxa3 27.
Bxa5 1/2-1/2

[Event "III Festival A"]
[Site "Forni di Sopra ITA"]
[Date "2012.06.18"]
[Round "4"]
[White "Naumkin, Igor"]
[Black "Arun Prasad, Subramanian"]
[WhiteElo "2472"]
[BlackElo "2519"]
[Result "1/2-1/2"]
[PlyCount "24"]
[EventDate "2012.06.16"]

1. d4 Nf6 2. Nf3 e6 3. c4 b6 4. g3 Ba6 5. b3 b5 6. cxb5 Bxb5 7. Bg2 d5 8. O-O
Nbd7 9. Nc3 Ba6 10. Na4 Bb5 11. Nc3 Ba6 12. Na4 Bb5 1/2-1/2

[Event "III Festival A"]
[Site "Forni di Sopra ITA"]
[Date "2012.06.18"]
[Round "4"]
[White "Rombaldoni, Axel"]
[Black "Salgado Lopez, Ivan"]
[WhiteElo "2469"]
[BlackElo "2623"]
[Result "1/2-1/2"]
[PlyCount "23"]
[EventDate "2012.06.16"]

1. e4 e5 2. Nf3 Nc6 3. Bb5 a6 4. Ba4 Nf6 5. O-O b5 6. Bb3 Be7 7. d3 d6 8. h3
O-O 9. c3 Re8 10. Ng5 Rf8 11. Nf3 Re8 12. Ng5 1/2-1/2

[Event "III Festival A"]
[Site "Forni di Sopra ITA"]
[Date "2012.06.18"]
[Round "4"]
[White "Tregubov, Pavel V."]
[Black "Altini, Nicola"]
[WhiteElo "2596"]
[BlackElo "2288"]
[Result "1-0"]
[PlyCount "95"]
[EventDate "2012.06.16"]

1. d4 d5 2. c4 c6 3. Nf3 Nf6 4. e3 Bg4 5. h3 Bxf3 6. Qxf3 e6 7. Nc3 Nbd7 8. Bd3
Bb4 9. O-O O-O 10. a3 Ba5 11. b4 Bc7 12. cxd5 cxd5 13. e4 dxe4 14. Nxe4 Nxe4
15. Bxe4 Nf6 16. Bxb7 Rb8 17. Be3 Nd5 18. Bxd5 exd5 19. Rac1 Bb6 20. Rc6 Rc8
21. b5 Rxc6 22. bxc6 Qd6 23. Rc1 Rc8 24. Bf4 Qf6 25. c7 Bxd4 26. Rd1 h5 27.
Qxd5 Bxf2+ 28. Kh1 Bb6 29. Qd7 Qe6 30. Qxe6 fxe6 31. Rd7 Kh7 32. Be5 Kg6 33. g4
hxg4 34. hxg4 Rf8 35. Rxg7+ Kh6 36. Rf7 Rc8 37. Kg2 Kg6 38. Rg7+ Kh6 39. Kg3
Ba5 40. Kf3 Bb6 41. g5+ Kh5 42. Bf4 Bd4 43. Rd7 e5 44. Be3 Bxe3 45. Kxe3 Kxg5
46. Ke4 Kf6 47. Kd5 e4 48. Kd6 1-0

[Event "III Festival A"]
[Site "Forni di Sopra ITA"]
[Date "2012.06.19"]
[Round "5"]
[White "Alsina Leal, Daniel"]
[Black "Rombaldoni, Axel"]
[WhiteElo "2540"]
[BlackElo "2469"]
[Result "0-1"]
[PlyCount "124"]
[EventDate "2012.06.16"]

1. e4 e6 2. d4 d5 3. Nd2 Nf6 4. e5 Nfd7 5. Bd3 c5 6. c3 b6 7. Nh3 Ba6 8. Bxa6
Nxa6 9. O-O Nc7 10. Nf4 c4 11. Qg4 b5 12. Nf3 g6 13. h4 Nb6 14. h5 Qd7 15. Bd2
O-O-O 16. hxg6 fxg6 17. Nh3 Re8 18. Bg5 h6 19. Bf6 Rg8 20. b3 Kb7 21. Nf4 Qf7
22. bxc4 bxc4 23. a4 Ka8 24. Rfb1 Nd7 25. Qh4 Rc8 26. Rb2 Qe8 27. Qg4 Qf7 28.
Rab1 Nxf6 29. exf6 Qxf6 30. Ne5 Bd6 31. Re1 Qf5 32. Qxf5 gxf5 33. Nfg6 Rb8 34.
Rxb8+ Rxb8 35. Nf7 Ba3 36. Nf4 Bb2 37. Re3 Rb6 38. Ne2 Kb7 39. Rh3 Ka6 40. Rxh6
Ka5 41. Ne5 Kxa4 42. Nd7 Rc6 43. Nc5+ Ka3 44. Kf1 Nb5 45. Rh3 e5 46. Nd7 exd4
47. cxd4+ Kb4 48. Nf4 Rd6 49. Nf6 Nxd4 50. N6xd5+ Kc5 51. Ne3 a5 52. Nd1 Bc1
53. Ne2 Nxe2 54. Kxe2 Re6+ 55. Kf3 Kb4 56. Rh8 Rb6 57. g4 fxg4+ 58. Kxg4 a4 59.
Rh3 Bd2 60. Nb2 Ra6 61. Rh8 a3 62. Rb8+ Kc3 0-1

[Event "III Festival A"]
[Site "Forni di Sopra ITA"]
[Date "2012.06.19"]
[Round "5"]
[White "Arun Prasad, Subramanian"]
[Black "Sundararajan, Kidambi"]
[WhiteElo "2519"]
[BlackElo "2447"]
[Result "1/2-1/2"]
[PlyCount "49"]
[EventDate "2012.06.16"]

1. d4 d5 2. c4 e6 3. Nc3 Be7 4. cxd5 exd5 5. Nf3 c6 6. h3 Nf6 7. Qc2 g6 8. Bh6
Bf5 9. Qc1 Nbd7 10. e3 Bf8 11. Bf4 Be7 12. Bh6 Bf8 13. Bf4 Be7 14. Be2 O-O 15.
O-O Ne4 16. g4 Nxc3 17. bxc3 Be4 18. Nd2 g5 19. Bh2 Bg6 20. f4 f5 21. Nf3 gxf4
22. exf4 Nf6 23. Ne5 Ne4 24. Rb1 Rb8 25. Bd3 1/2-1/2

[Event "III Festival A"]
[Site "Forni di Sopra ITA"]
[Date "2012.06.19"]
[Round "5"]
[White "Ceschia, Ivano"]
[Black "Romanishin, Oleg M."]
[WhiteElo "2329"]
[BlackElo "2511"]
[Result "0-1"]
[PlyCount "88"]
[EventDate "2012.06.16"]

1. e4 e5 2. Nf3 Nc6 3. Bb5 a6 4. Bxc6 dxc6 5. O-O Qd6 6. Na3 Be6 7. Qe2 f6 8.
d4 Bg4 9. dxe5 Qxe5 10. h3 Bxf3 11. Qxf3 Bd6 12. Rd1 b5 13. c4 Ne7 14. Nc2 O-O
15. c5 Bxc5 16. Qb3+ Kh8 17. Qc3 Rad8 18. Bd2 Ng6 19. Qxe5 fxe5 20. Be3 Bd6 21.
a4 h6 22. axb5 axb5 23. Ra6 Ne7 24. Ne1 Ra8 25. Rda1 Rxa6 26. Rxa6 c5 27. Kf1
c4 28. Ke2 Ng8 29. f3 Nf6 30. g4 Nd7 31. Nc2 Rb8 32. Na3 Nf8 33. Ra5 Bxa3 34.
Rxa3 Ne6 35. Ra7 Kg8 36. h4 Kf7 37. Bd2 b4 38. Kd1 Ke7 39. Ra4 c5 40. Ra7+ Kd6
41. Ra6+ Kd7 42. Ra7+ Kc6 43. Be1 Rd8+ 44. Kc1 Nd4 0-1

[Event "III Festival A"]
[Site "Forni di Sopra ITA"]
[Date "2012.06.19"]
[Round "5"]
[White "Korneev, Oleg"]
[Black "Naumkin, Igor"]
[WhiteElo "2586"]
[BlackElo "2472"]
[Result "1-0"]
[PlyCount "173"]
[EventDate "2012.06.16"]

1. e4 e6 2. d4 d5 3. Nc3 Nf6 4. e5 Nfd7 5. f4 c5 6. Nf3 Nc6 7. Be3 a6 8. Qd2 b5
9. dxc5 Bxc5 10. Bxc5 Nxc5 11. Qf2 Qe7 12. Bd3 h6 13. O-O O-O 14. Ne2 Bb7 15.
Ned4 Nxd4 16. Nxd4 f6 17. Qe3 Rae8 18. exf6 Qxf6 19. Rae1 Ne4 20. c3 Qh4 21.
Bxe4 dxe4 22. f5 exf5 23. Nxf5 Qf6 24. Qd4 Qg5 25. h4 Qg6 26. Qd6 Qf6 27. a3
Kh7 28. Qxf6 Rxf6 29. Rd1 e3 30. Nxe3 Rg6 31. Nd5 Rd8 32. h5 Rg4 33. Ne3 Rxd1
34. Nxg4 Rd2 35. Rf2 Rd7 36. Ne5 Rd1+ 37. Kh2 Rd5 38. Re2 Kg8 39. g4 Rd1 40.
Ng6 Bd5 41. Rf2 Bf7 42. Ne7+ Kf8 43. Nc6 Ke8 44. Re2+ Kf8 45. Kg3 Rg1+ 46. Kf4
Rf1+ 47. Ke5 Rg1 48. Kd6 Bb3 49. Ne5 Rd1+ 50. Kc5 Ke7 51. Kb6 Rd6+ 52. Kc7 Rd5
53. Nd7+ Kf7 54. Kd8 Bd1 55. Re7+ Kg8 56. Re8+ Kf7 57. Re7+ Kg8 58. Re4 Kf7 59.
Kc7 a5 60. b4 axb4 61. axb4 Rd2 62. Rf4+ Ke7 63. Re4+ Kf7 64. Rd4 Rxd4 65. cxd4
Ke6 66. Nb6 Bxg4 67. d5+ Kf6 68. d6 g6 69. Nd5+ Kg5 70. hxg6 Kxg6 71. Ne3 Be6
72. d7 Bxd7 73. Kxd7 Kg5 74. Kc6 h5 75. Kxb5 Kf4 76. Nf1 h4 77. Kc4 Kf3 78. b5
Kf2 79. b6 Kxf1 80. b7 h3 81. b8=Q Kg2 82. Qb2+ Kg1 83. Qc1+ Kg2 84. Qd2+ Kg1
85. Qe1+ Kg2 86. Qe2+ Kg1 87. Qg4+ 1-0

[Event "III Festival A"]
[Site "Forni di Sopra ITA"]
[Date "2012.06.19"]
[Round "5"]
[White "Ninov, Nikolai Ivanov"]
[Black "Narciso Dublan, Marc"]
[WhiteElo "2471"]
[BlackElo "2541"]
[Result "1-0"]
[PlyCount "87"]
[EventDate "2012.06.16"]

1. e4 e5 2. Nf3 Nc6 3. Bb5 a6 4. Ba4 Nf6 5. Qe2 b5 6. Bb3 Be7 7. a4 b4 8. d4 d5
9. exd5 Nxd4 10. Nxd4 exd4 11. Bg5 O-O 12. Nd2 Bb7 13. Bxf6 Bxf6 14. Ne4 Bxd5
15. Bxd5 Qxd5 16. Nxf6+ gxf6 17. O-O-O c5 18. Rhe1 Qc6 19. Qg4+ Kh8 20. Qh5
Qxa4 21. Qf3 f5 22. Qxf5 Qc6 23. Re7 Qh6+ 24. Kb1 Rac8 25. Rxf7 Rxf7 26. Qxf7
Qf8 27. Qd5 Re8 28. b3 Qxf2 29. Qxc5 Re1 30. Rxe1 Qxe1+ 31. Ka2 Qf2 32. Kb2 Kg8
33. Qc4+ Kg7 34. Qxb4 Qf6 35. Qb7+ Kh6 36. Ka2 Qg6 37. Qc8 Qxg2 38. Qxa6+ Kh5
39. Qd3 Qa8+ 40. Kb2 Qa7 41. Qf5+ Kh4 42. b4 Qc7 43. Qf2+ Kh5 44. Qf3+ 1-0

[Event "III Festival A"]
[Site "Forni di Sopra ITA"]
[Date "2012.06.20"]
[Round "6"]
[White "Bruno, Fabio"]
[Black "Alsina Leal, Daniel"]
[WhiteElo "2447"]
[BlackElo "2540"]
[Result "1/2-1/2"]
[PlyCount "94"]
[EventDate "2012.06.16"]

1. Nf3 c5 2. c4 Nc6 3. Nc3 g6 4. e3 Nf6 5. d4 cxd4 6. exd4 d5 7. cxd5 Nxd5 8.
Qb3 e6 9. Bc4 Na5 10. Bb5+ Bd7 11. Qa4 a6 12. Bxd7+ Qxd7 13. Qxd7+ Kxd7 14.
Ne5+ Ke7 15. Nxd5+ exd5 16. Ke2 f6 17. Nf3 Kf7 18. Kd3 Bd6 19. b3 Nc6 20. Bd2
Rae8 21. Rhe1 Rxe1 22. Rxe1 h5 23. h3 Rc8 24. Rc1 g5 25. a4 h4 26. Rc2 Re8 27.
Bc3 Ne7 28. Ng1 Rg8 29. f3 Nc6 30. Ne2 Ke6 31. Bd2 Kd7 32. Rc1 Ne7 33. Nc3 Bb4
34. Ne2 Bxd2 35. Kxd2 Nc6 36. Kd3 Kd6 37. Kd2 Re8 38. Rc3 Rg8 39. Ke3 Ne7 40.
Kd2 Nf5 41. a5 Ne7 42. Rc5 f5 43. Ke3 g4 44. Kf2 g3+ 45. Ke3 Re8 46. Kd2 Rb8
47. Nf4 b6 1/2-1/2

[Event "III Festival A"]
[Site "Forni di Sopra ITA"]
[Date "2012.06.20"]
[Round "6"]
[White "De Santis, Alessio"]
[Black "Arun Prasad, Subramanian"]
[WhiteElo "2326"]
[BlackElo "2519"]
[Result "0-1"]
[PlyCount "80"]
[EventDate "2012.06.16"]

1. d4 Nf6 2. c4 e6 3. Nc3 Bb4 4. Qc2 c5 5. dxc5 O-O 6. Nf3 Na6 7. e3 Nxc5 8.
Be2 Nce4 9. O-O Nxc3 10. bxc3 Be7 11. Rd1 Qc7 12. a4 e5 13. a5 d6 14. Ba3 Be6
15. Ng5 Bd7 16. Bf3 Bc6 17. Bd5 Bxd5 18. cxd5 Rfc8 19. Bb4 Qc4 20. Qa2 Qxa2 21.
Rxa2 Kf8 22. f3 h6 23. Nh3 Ne8 24. e4 Nc7 25. Kf2 Na6 26. Ke2 Nxb4 27. cxb4 Rc4
28. Rb2 Rac8 29. g3 Bd8 30. Nf2 g6 31. Ng4 b6 32. Ne3 Rc3 33. axb6 Bxb6 34. Rd3
Rc1 35. Nd1 Bd4 36. Rbb3 Ra1 37. Rd2 Rcc1 38. Nf2 Re1+ 39. Kd3 Re3+ 40. Kc2
Ra2+ 0-1

[Event "III Festival A"]
[Site "Forni di Sopra ITA"]
[Date "2012.06.20"]
[Round "6"]
[White "Lalith, Babu M.R."]
[Black "Salgado Lopez, Ivan"]
[WhiteElo "2529"]
[BlackElo "2623"]
[Result "1/2-1/2"]
[PlyCount "26"]
[EventDate "2012.06.16"]

1. d4 Nf6 2. c4 g6 3. Nc3 d5 4. Nf3 Bg7 5. Qa4+ Bd7 6. Qb3 dxc4 7. Qxc4 O-O 8.
e4 Bg4 9. Ne5 Nc6 10. Be3 Be6 11. Nxc6 Bxc4 12. Nxd8 Bxf1 13. Rxf1 Rfxd8
1/2-1/2

[Event "III Festival A"]
[Site "Forni di Sopra ITA"]
[Date "2012.06.20"]
[Round "6"]
[White "Rombaldoni, Axel"]
[Black "Korneev, Oleg"]
[WhiteElo "2469"]
[BlackElo "2586"]
[Result "0-1"]
[PlyCount "58"]
[EventDate "2012.06.16"]

1. d4 d5 2. c4 e6 3. Nf3 Nf6 4. g3 dxc4 5. Bg2 Bb4+ 6. Bd2 c5 7. dxc5 Bxc5 8.
Qa4+ Nbd7 9. Qxc4 a6 10. Qc2 Qc7 11. Nc3 b5 12. O-O Bb7 13. Bf4 Qb6 14. e4 h6
15. Rad1 O-O 16. e5 Nd5 17. Ne4 Nxf4 18. gxf4 Rad8 19. Neg5 g6 20. Ne4 Be7 21.
Nd6 Bd5 22. Nd4 Bxd6 23. Nxe6 Bxe6 24. Rxd6 Bf5 25. Qe2 Qb8 26. Qe3 Rfe8 27.
Bc6 Qxd6 28. exd6 Rxe3 29. fxe3 Nb8 0-1

[Event "III Festival A"]
[Site "Forni di Sopra ITA"]
[Date "2012.06.20"]
[Round "6"]
[White "Sundararajan, Kidambi"]
[Black "Boscolo, Federico"]
[WhiteElo "2447"]
[BlackElo "2300"]
[Result "1-0"]
[PlyCount "77"]
[EventDate "2012.06.16"]

1. d4 Nf6 2. c4 g6 3. Nc3 Bg7 4. e4 d6 5. Bd3 O-O 6. Nge2 Nc6 7. O-O e5 8. d5
Nd4 9. Nxd4 exd4 10. Ne2 Re8 11. f3 c5 12. Bg5 h6 13. Bh4 a6 14. Qc2 Bd7 15.
Rae1 b5 16. b3 g5 17. Bg3 Qe7 18. h4 Nh5 19. hxg5 Nxg3 20. Nxg3 Qxg5 21. Qf2
bxc4 22. bxc4 Rab8 23. f4 Qh4 24. e5 Rb6 25. Re4 f5 26. exf6 Bxf6 27. Rxe8+
Bxe8 28. Qf3 Rb2 29. Nf5 Qh5 30. Nxd6 Qxf3 31. Rxf3 Ba4 32. Ne4 Kf7 33. Rf2
Rxf2 34. Kxf2 Be7 35. d6 Bf8 36. Nxc5 Bc6 37. d7 Be7 38. Be4 d3 39. Kf3 1-0

[Event "III Festival A"]
[Site "Forni di Sopra ITA"]
[Date "2012.06.20"]
[Round "6"]
[White "Tregubov, Pavel V."]
[Black "Rotstein, Arkadij"]
[WhiteElo "2596"]
[BlackElo "2512"]
[Result "1-0"]
[PlyCount "93"]
[EventDate "2012.06.16"]

1. d4 Nf6 2. c4 e6 3. Nf3 c5 4. d5 exd5 5. cxd5 d6 6. Nc3 Be7 7. e4 O-O 8. Be2
Nbd7 9. h3 Ne8 10. O-O Bf6 11. Bf4 Qe7 12. Qc2 a6 13. a4 b6 14. Nd1 Ne5 15. Ne3
Nxf3+ 16. Bxf3 Bd4 17. Nc4 Qf6 18. Qd2 h6 19. Ra3 Rb8 20. Re1 b5 21. axb5 Rxb5
22. e5 dxe5 23. Bxe5 Bxe5 24. Nxe5 Nd6 25. Bg4 Bxg4 26. hxg4 Re8 27. Rae3 Re7
28. b3 Reb7 29. Qc2 g6 30. Rf3 Qg5 31. Nc4 Re7 32. Rxe7 Qxe7 33. Re3 Qf6 34.
Nxd6 Qxd6 35. Re8+ Kg7 36. Qc3+ f6 37. Re6 Qf4 38. Re7+ Kf8 39. Qe1 Rb8 40. Rh7
Kg8 41. Ra7 Qe5 42. Qc1 g5 43. d6 Qd5 44. Qc2 f5 45. gxf5 Qxd6 46. Qc4+ Kh8 47.
Qf7 1-0

[Event "III Festival A"]
[Site "Forni di Sopra ITA"]
[Date "2012.06.21"]
[Round "7"]
[White "Alsina Leal, Daniel"]
[Black "Naroditsky, Daniel"]
[WhiteElo "2540"]
[BlackElo "2479"]
[Result "1-0"]
[PlyCount "118"]
[EventDate "2012.06.16"]

1. e4 c6 2. d4 d5 3. Nc3 dxe4 4. Nxe4 Bf5 5. Ng3 Bg6 6. h4 h6 7. Nf3 Nd7 8. h5
Bh7 9. Bd3 Bxd3 10. Qxd3 e6 11. Bd2 Ngf6 12. O-O-O Be7 13. Kb1 O-O 14. Ne4 Nxe4
15. Qxe4 Nf6 16. Qe2 Qd5 17. Ne5 Qe4 18. Qxe4 Nxe4 19. Be1 Rfd8 20. f3 Nf6 21.
Bf2 Rac8 22. g4 b5 23. c3 Nd5 24. Nd3 Bd6 25. Kc2 a5 26. Rde1 Re8 27. Rhg1 f6
28. Bg3 Bxg3 29. Rxg3 e5 30. dxe5 c5 31. exf6 c4 32. f7+ Kxf7 33. Ne5+ Kf6 34.
f4 Nxf4 35. Rf3 Kg5 36. Re4 Rf8 37. Rf1 a4 38. Nf3+ Kxg4 39. Nd4 Kxh5 40. Rexf4
Rxf4 41. Rxf4 g5 42. Rf1 g4 43. Nxb5 g3 44. Nd6 Rc6 45. Nf5 Kg4 46. Ne3+ Kg5
47. Kd2 h5 48. Ke2 a3 49. bxa3 Ra6 50. Rf5+ Kg6 51. Rf4 Rxa3 52. Rxc4 Kg5 53.
Kf3 h4 54. Rc5+ Kg6 55. Kg4 Rxa2 56. Kxh4 Re2 57. Rg5+ Kf7 58. Rxg3 Ke6 59. Kg4
Rf2 1-0

[Event "III Festival A"]
[Site "Forni di Sopra ITA"]
[Date "2012.06.21"]
[Round "7"]
[White "Boscolo, Federico"]
[Black "Narciso Dublan, Marc"]
[WhiteElo "2300"]
[BlackElo "2541"]
[Result "0-1"]
[PlyCount "78"]
[EventDate "2012.06.16"]

1. e4 e5 2. Nf3 Nc6 3. d4 exd4 4. Bc4 Bc5 5. O-O d6 6. c3 Bg4 7. Qb3 Bxf3 8.
Bxf7+ Kf8 9. gxf3 Nf6 10. Bd5 Nxd5 11. Qxd5 Qf6 12. Bg5 Qxf3 13. Nd2 Qf7 14.
Nb3 Bb6 15. Nxd4 Bxd4 16. Qxf7+ Kxf7 17. cxd4 Nxd4 18. Be3 Nc6 19. Rac1 a5 20.
Rfd1 Rhe8 21. f3 Re5 22. a4 Ke8 23. Bf4 Re6 24. Rd5 Kd7 25. Bg3 Rf8 26. Kg2 b6
27. Rc3 Nb4 28. Rb5 g6 29. Kg1 Rb8 30. Kg2 c6 31. Rg5 Rf8 32. Rg4 d5 33. Bf2 c5
34. Bxc5 bxc5 35. Rxc5 dxe4 36. fxe4 Nc6 37. Rg3 Rb8 38. b3 Rb4 39. Rd3+ Rd6
0-1

[Event "III Festival A"]
[Site "Forni di Sopra ITA"]
[Date "2012.06.21"]
[Round "7"]
[White "Bove, Alessandro"]
[Black "Naumkin, Igor"]
[WhiteElo "2362"]
[BlackElo "2472"]
[Result "0-1"]
[PlyCount "138"]
[EventDate "2012.06.16"]

1. e4 e6 2. d4 d5 3. Nc3 Nf6 4. e5 Nfd7 5. Nf3 c5 6. dxc5 Nc6 7. Bf4 Bxc5 8.
Bd3 f6 9. exf6 Nxf6 10. Qe2 O-O 11. O-O-O a6 12. Kb1 b5 13. Ne5 Nxe5 14. Bxe5
Ra7 15. Rhe1 Bd6 16. Qe3 Re7 17. Qg3 Bxe5 18. Rxe5 Qe8 19. Rde1 b4 20. Ne2 Nd7
21. Qh4 g6 22. Re3 e5 23. Qxb4 Rxf2 24. Nc3 Rxg2 25. Nxd5 Rf7 26. Bc4 Kh8 27.
Qc3 Qf8 28. Nb6 Rg7 29. Nxd7 Bxd7 30. Rxe5 Rxh2 31. Re7 Rh1 32. Rxh1 Qxe7 33.
Re1 Qd6 34. b3 h5 35. Re5 Bf5 36. Bxa6 Kh7 37. Bc4 h4 38. a4 Re7 39. Rd5 Qf4
40. Rd8 Qe5 41. Qxe5 Rxe5 42. Rd2 g5 43. Rd5 Re1+ 44. Kb2 Kg6 45. Rd6+ Kg7 46.
a5 h3 47. a6 h2 48. Bd5 h1=Q 49. Bxh1 Rxh1 50. Rd5 Kf6 51. Rd8 Rh7 52. b4 g4
53. b5 g3 54. b6 Be4 55. Rf8+ Kg5 56. Rg8+ Kh4 57. Kc3 Kh3 58. Kd4 Bf3 59. Ke3
Bd5 60. Rg5 g2 61. c4 Re7+ 62. Kf4 Re4+ 63. Kf5 Rxc4 64. b7 Bxb7 65. axb7 Rc5+
66. Kf6 Rxg5 67. b8=Q g1=Q 68. Qh8+ Kg4 69. Qc8+ Kh4 0-1

[Event "III Festival A"]
[Site "Forni di Sopra ITA"]
[Date "2012.06.21"]
[Round "7"]
[White "Korneev, Oleg"]
[Black "Romanishin, Oleg M."]
[WhiteElo "2586"]
[BlackElo "2511"]
[Result "1/2-1/2"]
[PlyCount "42"]
[EventDate "2012.06.16"]

1. e4 e5 2. Nf3 Nc6 3. Bc4 Nf6 4. d3 Be7 5. O-O O-O 6. Re1 d6 7. a4 a5 8. c3
Be6 9. Nbd2 Nd7 10. Nf1 Bf6 11. Ng3 Bxc4 12. dxc4 Nc5 13. Be3 b6 14. Qc2 g6 15.
Reb1 Bg7 16. b4 Ne6 17. Qb3 axb4 18. cxb4 Ncd4 19. Nxd4 exd4 20. Bd2 Qh4 21.
Rf1 Be5 1/2-1/2

[Event "III Festival A"]
[Site "Forni di Sopra ITA"]
[Date "2012.06.21"]
[Round "7"]
[White "Rombaldoni, Axel"]
[Black "Lalith, Babu M.R."]
[WhiteElo "2469"]
[BlackElo "2529"]
[Result "1-0"]
[PlyCount "73"]
[EventDate "2012.06.16"]

1. e4 c6 2. d4 d5 3. e5 Bf5 4. Nf3 e6 5. Be2 Nd7 6. O-O Bg6 7. Nbd2 Nh6 8. Nb3
Nf5 9. Bd2 Rc8 10. Rc1 Bh5 11. Ne1 Bxe2 12. Qxe2 c5 13. c4 b5 14. cxd5 c4 15.
g4 Nh4 16. Na5 Qb6 17. d6 Qxd4 18. Bc3 Qf4 19. Rd1 h5 20. f3 Qg5 21. Ng2 Ng6
22. f4 Qxg4 23. Qe4 Nh4 24. Rd2 Rh6 25. Kh1 Qh3 26. Rdf2 Nf5 27. Rf3 Qg4 28.
Qb7 Rb8 29. Qxa7 h4 30. Ne3 Nxe3 31. Qxe3 Rg6 32. Qf2 f6 33. f5 exf5 34. e6
Bxd6 35. exd7+ Kxd7 36. Rd1 Qe4 37. Qa7+ 1-0

[Event "III Festival A"]
[Site "Forni di Sopra ITA"]
[Date "2012.06.21"]
[Round "7"]
[White "Salgado Lopez, Ivan"]
[Black "Sundararajan, Kidambi"]
[WhiteElo "2623"]
[BlackElo "2447"]
[Result "1-0"]
[PlyCount "67"]
[EventDate "2012.06.16"]

1. e4 e6 2. d4 d5 3. Nd2 Nf6 4. e5 Nfd7 5. Ngf3 c5 6. c3 Nc6 7. Nb3 c4 8. Nbd2
b5 9. Be2 Be7 10. O-O Rb8 11. b3 O-O 12. Qc2 Nb6 13. Re1 Bd7 14. g3 a5 15. bxc4
bxc4 16. Nf1 Na7 17. h4 Ba4 18. Qd2 Nb5 19. Bb2 f5 20. exf6 gxf6 21. Ne3 Nd6
22. Qc1 Ne4 23. Nd2 f5 24. Nxe4 fxe4 25. Ba3 Bd7 26. Rb1 Kh8 27. Ng4 Rg8 28.
Bxe7 Qxe7 29. Qf4 Rb7 30. Rb2 Rgb8 31. Reb1 Bc6 32. h5 Na4 33. Qe5+ Qg7 34.
Qxb8+ 1-0

[Event "III Festival A"]
[Site "Forni di Sopra ITA"]
[Date "2012.06.22"]
[Round "8"]
[White "De Santis, Alessio"]
[Black "Rotstein, Arkadij"]
[WhiteElo "2326"]
[BlackElo "2512"]
[Result "0-1"]
[PlyCount "78"]
[EventDate "2012.06.16"]

1. Nf3 c5 2. c4 Nc6 3. Nc3 e5 4. g3 g6 5. Bg2 Bg7 6. O-O d6 7. d3 Nge7 8. Bd2
O-O 9. Rb1 h6 10. a3 a5 11. Ne1 Be6 12. Nc2 d5 13. cxd5 Nxd5 14. Ne3 Nde7 15.
Nc4 Rb8 16. Nb5 b6 17. b4 axb4 18. axb4 Nd5 19. bxc5 bxc5 20. Ne3 Ndb4 21. Nc3
Nd4 22. Ne4 Qe7 23. Nc4 Rfd8 24. Bxb4 cxb4 25. Ned2 Nb5 26. Qe1 Nc3 27. Na5 Bd7
28. Rc1 Rdc8 29. Ndc4 Bg4 30. f3 Be6 31. Qd2 Ra8 32. Kh1 Qd8 33. Nb7 Qc7 34.
Nbd6 Rd8 35. f4 Ra2 36. Rc2 Bxc4 37. Nb7 Rd7 38. Rxa2 Bxa2 39. Rc1 Bd5 0-1

[Event "III Festival A"]
[Site "Forni di Sopra ITA"]
[Date "2012.06.22"]
[Round "8"]
[White "Dvirnyy, Danyyil"]
[Black "Alsina Leal, Daniel"]
[WhiteElo "2515"]
[BlackElo "2540"]
[Result "1/2-1/2"]
[PlyCount "112"]
[EventDate "2012.06.16"]

1. Nf3 d5 2. d4 Nf6 3. c4 c6 4. Nc3 e6 5. g3 dxc4 6. Bg2 b5 7. Ne5 Qb6 8. O-O
Bb7 9. e4 Nbd7 10. Nxd7 Nxd7 11. d5 e5 12. a4 a6 13. b3 b4 14. dxc6 Qxc6 15.
Nd5 c3 16. a5 Bc5 17. Qg4 O-O 18. Be3 Kh8 19. Ra4 Bxe3 20. Nxe3 Nf6 21. Qg5 Qc5
22. Nf5 Rg8 23. Qe3 Qxe3 24. fxe3 Bc6 25. Rxb4 Rgb8 26. Rb6 Rxb6 27. axb6 Rb8
28. Nd6 Rxb6 29. Nxf7+ Kg8 30. Nxe5 Bxe4 31. Bxe4 Re6 32. Rxf6 Rxe5 33. Rc6
Rxe4 34. Rxc3 a5 35. Kf2 Kf7 36. Rc5 Rb4 37. Rxa5 Rxb3 38. Kf3 Rb4 39. h4 Kf6
40. Ra6+ Ke5 41. Ra5+ Kf6 42. Ra6+ Ke5 43. Ra7 Kf6 44. e4 h6 45. h5 Rb5 46.
Ra6+ Ke5 47. Ra7 Kf6 48. g4 Rb1 49. e5+ Kxe5 50. Rxg7 Rb3+ 51. Ke2 Kf4 52. Rg6
Rg3 53. Rxh6 Rxg4 54. Rf6+ Kg5 55. Rg6+ Kxh5 56. Rxg4 Kxg4 1/2-1/2

[Event "III Festival A"]
[Site "Forni di Sopra ITA"]
[Date "2012.06.22"]
[Round "8"]
[White "Naumkin, Igor"]
[Black "Lalith, Babu M.R."]
[WhiteElo "2472"]
[BlackElo "2529"]
[Result "1-0"]
[PlyCount "69"]
[EventDate "2012.06.16"]

1. d4 Nf6 2. Nf3 e6 3. c4 c5 4. d5 b5 5. Bg5 exd5 6. cxd5 h6 7. Bxf6 Qxf6 8.
Qc2 Be7 9. e4 Qb6 10. a4 b4 11. Nbd2 O-O 12. Bd3 d6 13. O-O Nd7 14. Nc4 Qc7 15.
b3 Nb6 16. Ne3 Bf6 17. Rad1 Nd7 18. Kh1 Bc3 19. Nh4 Nf6 20. f4 Ng4 21. Qe2 Nxe3
22. Qxe3 Bg4 23. Rc1 Rae8 24. h3 Qe7 25. Qg3 Bd7 26. Rc2 Qf6 27. Nf3 Qg6 28.
Qf2 Re7 29. Re2 Rfe8 30. Re3 Qh5 31. Qg3 a5 32. Qf2 Bg4 33. Nh2 Bd4 34. hxg4
Bxe3 35. Qf3 1-0